| 000 | 00444nam a2200169Ia 4500 | ||
|---|---|---|---|
| 999 |
_c157 _d157 |
||
| 003 | OSt | ||
| 005 | 20210916141147.0 | ||
| 008 | 190216s9999||||xx |||||||||||||| ||und|| | ||
| 040 | _coclc | ||
| 082 |
_a892.7 _bMAU/N |
||
| 100 |
_aMaufaluti, M L _98861 |
||
| 245 | 0 |
_aAl Nadrat / _cM L Maufaluti |
|
| 260 |
_bDraul Zakhafa, _aBeirut: |
||
| 300 | _a209p | ||
| 650 | _aArabic | ||
| 942 |
_cBK _2ddc _h892.7 _iMAU/N _k892.7 _mMAU/N |
||